| 000 | 00850 a2200145 4500 | ||
|---|---|---|---|
| 020 | _a1568812426 | ||
| 040 | _aDLC | ||
| 100 | 1 | _aByrne, Charles, | |
| 245 | 1 | 0 |
_aSignal processing : a mathematical approach _ba mathematical approach _cCharles Byrne. |
| 260 |
_aWellesley, MA : _bA K Peters, _c2005. |
||
| 300 |
_axii, 385 p. : _bill. ; _c24 cm. |
||
| 520 | 1 | _a"A practical guide to the mathematics behind signal processing, this book provides the essential mathematical background and tools necessary to understand and employ signal processing techniques. The emphasis is on the general problem of extracting information from limited data obtained by some form of remote sensing: acoustic or radar processing, satellite imaging, or medical tomographic scanning."--BK JACKET. | |
| 650 | 0 |
_aSignal processing _xMathematics. |
|
| 942 |
_cBK _k621.3822 BYR _2ddc |
||
| 999 |
_c8290 _d8290 |
||